[Event "DEM U10 2012"]
[Site "Oberhof GER"]
[Date "2012.05.29"]
[Round "5"]
[White "Tong, Kevin"]
[Black "Pajeken, Jakob Leon"]
[Result "1-0"]
[Termination "normal"]
[Board "5"]
[WhiteElo "1612"]
[BlackElo "1385"]
[PlyCount "111"]
[WhiteFideId "12913944"]
[BlackFideId "12942839"]
[EventCountry "GER"]
[EventRounds "11"]
[EventType "swiss"]
[EventDate "2012.05.26"]

1. e4 e5 2. Nf3 Nf6 3. Nc3 Nc6 4. d4 exd4 5. Nxd4 Bb4 6. Nxc6 bxc6 7. Bd3 d6 8.
Bg5 h6 9. Bh4 Be6 10. O-O O-O 11. Qf3 Bc5 12. Bxf6 Qxf6 13. Qxf6 gxf6 14. Na4
Bb6 15. Nxb6 cxb6 16. Rfe1 Kh8 17. Re3 Rg8 18. Rf3 Kg7 19. Re1 a5 20. a4 Rab8
21. c4 c5 22. b3 Rb7 23. Bc2 Rc7 24. h4 Ra7 25. Ree3 Re7 26. Rd3 Rd7 27. Rf4
Kh7 28. Bd1 Rdd8 29. Rxf6 Rg6 30. Rxg6 fxg6 31. Bf3 Kg7 32. Kf1 Kf6 33. Ke2 g5
34. hxg5+ hxg5 35. Ke3 Ke5 36. Rd1 Rh8 37. g3 Rh2 38. Rh1 Rxh1 39. Bxh1 Bh3 40.
f4+ Kf6 41. Bf3 gxf4+ 42. gxf4 Be6 43. Be2 Bf7 44. Kf2 Bg6 45. Bf3 Bf7 46. Kg3
Be8 47. Kh4 Bg6 48. Kg4 Bf7 49. Kg3 Bg6 50. Kh4 Bf7 51. Bh5 Bg8 52. Be8 Ke7 53.
Bc6 Kf6 54. Kh5 Bf7+ 55. Kh6 Bg6 56. e5+ 1-0

[Event "DEM U10 2012"]
[Site "Oberhof GER"]
[Date "2012.05.29"]
[Round "5"]
[White "ter Stal, Sven"]
[Black "Stirnberg, Noah"]
[Result "1-0"]
[Termination "normal"]
[Board "6"]
[WhiteElo "1498"]
[BlackElo "1145"]
[PlyCount "123"]
[WhiteFideId "12946443"]
[BlackFideId "16207742"]
[EventCountry "GER"]
[EventRounds "11"]
[EventType "swiss"]
[EventDate "2012.05.26"]

1. e4 c5 2. Nf3 d6 3. d4 cxd4 4. Nxd4 Nf6 5. Nc3 a6 6. f3 e5 7. Nb3 Be6 8. Be3
Be7 9. Qd2 Qd7 10. O-O-O Nc6 11. g4 O-O 12. h4 Rfd8 13. Bb6 Rdc8 14. h5 h6 15.
Bd3 Nd4 16. Nxd4 exd4 17. Bxd4 Ne8 18. Rdg1 f6 19. Kb1 b5 20. Ne2 a5 21. Ng3 b4
22. Nf5 Bxf5 23. gxf5 Rab8 24. Qxh6 Bf8 25. Qg6 Qf7 26. Qg2 a4 27. b3 axb3 28.
axb3 Nc7 29. Qg6 Nb5 30. Bxf6 Rc7 31. Qxf7+ Kxf7 32. Bb2 Nc3+ 33. Bxc3 bxc3 34.
Kc1 Ra8 35. Kd1 Ra1+ 36. Ke2 Rxg1 37. Rxg1 Ke7 38. Bc4 Kf6 39. f4 Ke7 40. Rg6
Kd8 41. f6 gxf6 42. Rxf6 Rh7 43. Rxf8+ Ke7 44. Rf7+ Rxf7 45. Bxf7 Kxf7 46. b4
Ke7 47. b5 Ke6 48. b6 Kd7 49. h6 Kc6 50. h7 Kxb6 51. h8=Q Kc5 52. Qxc3+ Kb6 53.
Qc4 Kb7 54. e5 dxe5 55. Qc5 Ka8 56. Qb5 exf4 57. Kf3 Ka7 58. Kxf4 Ka8 59. Ke5
Ka7 60. Kd6 Ka8 61. Kc7 Ka7 62. Qb7# 1-0

[Event "DEM U10 2012"]
[Site "Oberhof GER"]
[Date "2012.05.29"]
[Round "5"]
[White "Rosenhain, Rachela"]
[Black "Schilay, Lorenz"]
[Result "0-1"]
[Termination "normal"]
[Board "7"]
[WhiteElo "1368"]
[BlackElo "1494"]
[PlyCount "66"]
[WhiteFideId "12957615"]
[BlackFideId "12930180"]
[EventCountry "GER"]
[EventRounds "11"]
[EventType "swiss"]
[EventDate "2012.05.26"]

1. e4 e5 2. Nc3 Nf6 3. f4 d5 4. fxe5 Nxe4 5. Nf3 Nc6 6. d4 Nxc3 7. bxc3 Be7 8.
Bd3 Bg4 9. O-O f6 10. exf6 Bxf6 11. Qe1+ Qe7 12. Qxe7+ Kxe7 13. Ba3+ Kd7 14.
Rae1 Rae8 15. Rxe8 Rxe8 16. Bxh7 Na5 17. Bg6 Re3 18. Bf7 c6 19. Bg6 Nc4 20. Bc1
Rxc3 21. Bd2 Nxd2 22. Nxd2 Bxd4+ 23. Kh1 Re3 24. h3 Be6 25. Nb3 Bb6 26. Rd1 Re5
27. a4 a6 28. a5 Ba7 29. g4 Kd6 30. Kg2 c5 31. c3 Re2+ 32. Kh1 Rb2 33. Nc1 Rb5
0-1

[Event "DEM U10 2012"]
[Site "Oberhof GER"]
[Date "2012.05.29"]
[Round "5"]
[White "Arnold, Leander"]
[Black "Keymer, Vincent"]
[Result "0-1"]
[Termination "normal"]
[Board "8"]
[WhiteElo "1221"]
[BlackElo "1721"]
[PlyCount "106"]
[WhiteFideId "12990230"]
[BlackFideId "12940690"]
[EventCountry "GER"]
[EventRounds "11"]
[EventType "swiss"]
[EventDate "2012.05.26"]

1. d4 d5 2. Nf3 Nf6 3. e3 Bf5 4. c4 c6 5. Nc3 e6 6. Be2 Be7 7. O-O O-O 8. Bd2
a6 9. c5 Nbd7 10. a3 Qc7 11. h3 b6 12. b4 bxc5 13. dxc5 e5 14. Rc1 h6 15. Qb3
Rfb8 16. Qa2 Be6 17. Qc2 a5 18. Rb1 g6 19. Rb2 Bf5 20. Qd1 Bf8 21. Nh4 Be6 22.
Nf3 axb4 23. axb4 Nxc5 24. Qc1 Ncd7 25. b5 Ba3 26. Rd1 Bxb2 27. Qxb2 c5 28. Bc1
Kh7 29. Nh2 d4 30. Nb1 Ra2 31. b6 Rxb6 32. Qd2 Rxd2 33. Bxd2 Qb8 34. Na3 e4 35.
Ba5 Rb2 36. Bc4 Bxc4 37. Nxc4 Ra2 38. exd4 Qb3 39. Rc1 cxd4 40. Bd8 Rc2 41.
Rxc2 Qxc2 42. Nd6 e3 43. fxe3 dxe3 44. Nf3 Qf2+ 45. Kh2 e2 46. Nxf7 Qxf3 47.
gxf3 e1=Q 48. Nd6 Nh5 49. Ne4 Ne5 50. f4 Nf3+ 51. Kg2 Qxe4 52. f5 Qe2+ 53. Kh1
Qh2# 0-1

[Event "DEM U10 2012"]
[Site "Oberhof GER"]
[Date "2012.05.29"]
[Round "5"]
[White "Shoipov, Dennie"]
[Black "Suvorov, Luca"]
[Result "1-0"]
[Termination "normal"]
[Board "10"]
[WhiteElo "1447"]
[BlackElo "1255"]
[PlyCount "146"]
[WhiteFideId "14137755"]
[BlackFideId "12977071"]
[EventCountry "GER"]
[EventRounds "11"]
[EventType "swiss"]
[EventDate "2012.05.26"]

1. e4 Nc6 2. d4 e5 3. d5 Nce7 4. Nc3 Ng6 5. Nf3 Nf6 6. Bd3 h6 7. O-O Bb4 8. Bd2
O-O 9. Ne2 Bxd2 10. Qxd2 d6 11. Rfe1 Bg4 12. Qe3 Qd7 13. h3 Bh5 14. Ng3 Nf4 15.
Be2 Bg6 16. Nh4 Bh7 17. Nhf5 N6xd5 18. exd5 Bxf5 19. c4 Nxe2+ 20. Rxe2 Bg6 21.
Ne4 f5 22. Nc3 e4 23. f4 Rf6 24. Nb5 a6 25. Nd4 Bh5 26. Rd2 Rg6 27. Kh2 Rf6 28.
b3 Kh7 29. Re1 Rg8 30. Rf1 g6 31. Ne6 c6 32. Rg1 Rxe6 33. dxe6 Qxe6 34. Qd4 e3
35. Rd3 e2 36. Re3 Qd7 37. g4 fxg4 38. hxg4 Bxg4 39. Rxg4 h5 40. Rg2 e1=Q 41.
Rxe1 Qd8 42. f5 g5 43. Re6 g4 44. Qxd6 Qg5 45. Qe7+ Qxe7 46. Rxe7+ Kh6 47. f6
Kg6 48. Rg7+ Rxg7 49. fxg7 Kxg7 50. Kg3 Kf6 51. Kh4 Ke5 52. Kxh5 Kd4 53. Kxg4
Kc5 54. Kf5 Kb4 55. Ke5 b6 56. Rg6 Kc5 57. Ke6 Kb4 58. Kd7 Ka3 59. Rxc6 Kxa2
60. Rxb6 Kb2 61. Rxa6 Kc3 62. b4 Kxb4 63. Rc6 Kc3 64. c5 Kd3 65. Rd6+ Ke3 66.
c6 Kf3 67. c7 Kf2 68. c8=R Kf3 69. Re6 Kf4 70. Rf8+ Kg5 71. Re1 Kg6 72. Rg1+
Kh7 73. Rf2 Kh6 1-0

[Event "DEM U10 2012"]
[Site "Oberhof GER"]
[Date "2012.05.29"]
[Round "5"]
[White "Mönster, Madita"]
[Black "Graf, Justus Felix"]
[Result "0-1"]
[Termination "normal"]
[Board "11"]
[WhiteElo "1025"]
[BlackElo "1507"]
[PlyCount "110"]
[WhiteFideId "12947156"]
[BlackFideId "12929212"]
[EventCountry "GER"]
[EventRounds "11"]
[EventType "swiss"]
[EventDate "2012.05.26"]

1. e4 e6 2. d4 d5 3. exd5 exd5 4. Nc3 c6 5. Nf3 Bd6 6. Bd3 Ne7 7. Be3 O-O 8.
Ng5 Bf5 9. Qh5 Bxd3 10. cxd3 h6 11. Nh3 Ng6 12. O-O Nd7 13. Qg4 Nf6 14. Qe2 Qc7
15. f4 Rfe8 16. Qe1 Ng4 17. Rf3 Nxe3 18. Rxe3 Rxe3 19. Qxe3 Nxf4 20. Nxf4 Bxf4
21. Qh3 Qb6 22. Nd1 Qxd4+ 23. Kh1 Re8 24. Nc3 Bd2 25. Qd7 Qe5 26. h3 Bf4 27.
Rg1 Qe7 28. Qg4 Bg5 29. Qg3 Bh4 30. Qf4 Bf6 31. Qd2 Bd4 32. Rf1 Qe6 33. Qd1 Bb6
34. Qh5 g6 35. Qd1 Bc7 36. Qc2 Bg3 37. Qd1 d4 38. Na4 Qe2 39. Qxe2 Rxe2 40. Kg1
Rd2 41. Rf3 Rd1+ 42. Rf1 Rxd3 43. Rb1 b6 44. b3 Rd2 45. Nb2 c5 46. Kf1 Rf2+ 47.
Kg1 Re2 48. Kf1 Rc2 49. a4 Kg7 50. Nd3 Rd2 51. Nb2 Kf6 52. Nc4 Rc2 53. Ra1 Rc3
54. Ra3 d3 55. Nd2 Rc1# 0-1

[Event "DEM U10 2012"]
[Site "Oberhof GER"]
[Date "2012.05.29"]
[Round "5"]
[White "Liebeck, Eddie"]
[Black "Meyling, Lennart"]
[Result "1-0"]
[Termination "normal"]
[Board "12"]
[WhiteElo "1273"]
[BlackElo "1572"]
[PlyCount "107"]
[WhiteFideId "12945854"]
[BlackFideId "12947130"]
[EventCountry "GER"]
[EventRounds "11"]
[EventType "swiss"]
[EventDate "2012.05.26"]

1. d4 Nf6 2. c4 e5 3. dxe5 Ng4 4. b3 Nxe5 5. Bb2 Nbc6 6. g3 Bc5 7. Bg2 O-O 8.
Nf3 Nxf3+ 9. Bxf3 d6 10. O-O Bh3 11. Bg2 Bxg2 12. Kxg2 f5 13. e3 Qg5 14. h4 Qe7
15. Nc3 a6 16. Kg1 Qe8 17. Nd5 Rc8 18. Nc3 Ne5 19. Na4 Ba7 20. Qd5+ Rf7 21.
Bxe5 Qxe5 22. Qxb7 Bxe3 23. Qxc8+ Rf8 24. Qb7 Bxf2+ 25. Kxf2 f4 26. Qd5+ Qxd5
27. cxd5 Rf5 28. gxf4 Rxf4+ 29. Kg3 Rd4 30. Rf4 Rxd5 31. Raf1 h6 32. Rf8+ Kh7
33. Rc8 c5 34. Rc6 a5 35. Ra6 Rd2 36. Nxc5 dxc5 37. Rxa5 Rd3+ 38. Rf3 Rd5 39.
b4 Rd1 40. bxc5 Rg1+ 41. Kh2 Rc1 42. Kg2 Rc2+ 43. Rf2 Rc4 44. a4 Rxh4 45. Rc2
Rg4+ 46. Kh3 Rg5 47. c6 Rxa5 48. c7 Rh5+ 49. Kg4 Rg5+ 50. Kh4 Kg6 51. Rc6+ Kh7
52. c8=Q Re5 53. Rc4 Re1 54. Qf5+ 1-0

[Event "DEM U10 2012"]
[Site "Oberhof GER"]
[Date "2012.05.29"]
[Round "5"]
[White "Staufenberger, Philipp"]
[Black "Rößler, Lukas"]
[Result "1-0"]
[Termination "normal"]
[Board "13"]
[WhiteElo "1234"]
[BlackElo "1515"]
[PlyCount "91"]
[WhiteFideId "12970883"]
[BlackFideId "12938718"]
[EventCountry "GER"]
[EventRounds "11"]
[EventType "swiss"]
[EventDate "2012.05.26"]

1. e4 c5 2. c3 Nf6 3. e5 Nd5 4. d4 cxd4 5. Nf3 Nc6 6. Bc4 Nb6 7. Bb3 d6 8. exd6
Qxd6 9. cxd4 e6 10. Nc3 Nb4 11. Nb5 Qd8 12. Ne5 a6 13. Nc3 N4d5 14. Qf3 Nf6 15.
Bg5 Be7 16. Rd1 h6 17. Be3 Nbd5 18. O-O O-O 19. Bc2 Rb8 20. a4 Qc7 21. Nxd5
Nxd5 22. Be4 Nf6 23. Bxh6 gxh6 24. Qg3+ Kh8 25. Nxf7+ Rxf7 26. Qxc7 Ra8 27.
Bxb7 Bxb7 28. Qxb7 Rg8 29. Rc1 Rfg7 30. Rc8 Bf8 31. Qf3 Nd7 32. g3 Rg6 33. Qb7
Nf6 34. Qxa6 Ne4 35. Qa8 Nd2 36. Rxf8 Nxf1 37. Rxg8+ Rxg8 38. Qxg8+ Kxg8 39.
Kxf1 Kf7 40. a5 Kf6 41. a6 Kf5 42. a7 Kf6 43. a8=Q Kg5 44. Qf8 e5 45. dxe5 Kh5
46. Qf5# 1-0

[Event "DEM U10 2012"]
[Site "Oberhof GER"]
[Date "2012.05.29"]
[Round "5"]
[White "Dobrikov, Marco"]
[Black "Schneider, Jana"]
[Result "0-1"]
[Termination "normal"]
[Board "14"]
[WhiteElo "1217"]
[BlackElo "1462"]
[PlyCount "86"]
[WhiteFideId "12950378"]
[BlackFideId "12924997"]
[EventCountry "GER"]
[EventRounds "11"]
[EventType "swiss"]
[EventDate "2012.05.26"]

1. e4 e5 2. Nf3 Nc6 3. Bb5 a6 4. Ba4 Nf6 5. d3 Bc5 6. Bxc6 dxc6 7. O-O Bg4 8.
h3 Bh5 9. Bg5 h6 10. Bh4 g5 11. Bg3 Nd7 12. h4 gxh4 13. Bxh4 Bxf3 14. Bxd8 Bxd1
15. Rxd1 Rxd8 16. Nd2 Ke7 17. Nc4 b6 18. c3 Bd6 19. d4 c5 20. d5 Rdf8 21. Ne3
Nf6 22. f3 Nh5 23. Nf5+ Kd7 24. g3 Rfg8 25. Kf2 Be7 26. Rh1 Rg5 27. g4 Nf4 28.
Nxh6 Rg7 29. Nxf7 Nh3+ 30. Kg2 Rxf7 31. Rxh3 Rxh3 32. Kxh3 Rxf3+ 33. Kg2 Re3
34. Rf1 Ke8 35. Rf5 Bd6 36. Kf2 Rxe4 37. g5 Rf4+ 38. Rxf4 exf4 39. Kf3 Kf7 40.
Kg4 Kg6 41. b3 b5 42. a3 c4 43. b4 Be5 0-1

[Event "DEM U10 2012"]
[Site "Oberhof GER"]
[Date "2012.05.29"]
[Round "5"]
[White "Shen, Julian"]
[Black "Merk, Daniel"]
[Result "1/2-1/2"]
[Termination "normal"]
[Board "15"]
[WhiteElo "1383"]
[BlackElo "1312"]
[PlyCount "83"]
[WhiteFideId "12942898"]
[BlackFideId "12938386"]
[EventCountry "GER"]
[EventRounds "11"]
[EventType "swiss"]
[EventDate "2012.05.26"]

1. e4 c6 2. Nf3 d5 3. Nc3 Bg4 4. h3 Bh5 5. d3 e5 6. g4 dxe4 7. Nxe4 Bg6 8. Nxe5
Bxe4 9. dxe4 Qxd1+ 10. Kxd1 Nf6 11. f3 Nbd7 12. Nxd7 O-O-O 13. Bd3 Nxd7 14. Ke2
Ne5 15. f4 Nxd3 16. cxd3 Bc5 17. Be3 Bd4 18. Bxd4 Rxd4 19. Rhd1 g6 20. Ke3 Rb4
21. b3 f5 22. Rac1 Re8 23. e5 fxg4 24. hxg4 g5 25. Rc4 Rb5 26. d4 gxf4+ 27.
Kxf4 Rf8+ 28. Ke3 h6 29. Rh1 Rg8 30. Rxh6 Rxg4 31. Kf3 Rg1 32. Rh2 Rd5 33. Rd2
Rg5 34. Re2 Rf5+ 35. Ke4 Rh5 36. Kd3 Rh3+ 37. Re3 Rh2 38. Re2 Rh3+ 39. Re3 Rh2
40. a4 Rb2 41. Kc3 Rg2 42. Rf3 1/2-1/2

[Event "DEM U10 2012"]
[Site "Oberhof GER"]
[Date "2012.05.29"]
[Round "5"]
[White "Haag, Lea"]
[Black "Rose, Luis Stratos"]
[Result "0-1"]
[Termination "normal"]
[Board "16"]
[WhiteElo "1011"]
[BlackElo "1372"]
[PlyCount "96"]
[BlackFideId "12976008"]
[EventCountry "GER"]
[EventRounds "11"]
[EventType "swiss"]
[EventDate "2012.05.26"]

1. e4 d5 2. exd5 Nf6 3. c4 e6 4. d4 exd5 5. Nc3 Bb4 6. Qc2 dxc4 7. Qe2+ Be6 8.
Nf3 O-O 9. Ng5 Qxd4 10. Nxe6 Bxc3+ 11. Bd2 Bxd2+ 12. Qxd2 Qxd2+ 13. Kxd2 fxe6
14. Bxc4 Nd5 15. Rhf1 Nc6 16. Rae1 Rae8 17. Rxe6 Rxe6 18. Bxd5 Rd8 19. Kc3 Rxd5
20. Kc4 Rd2 21. Kc3 Ree2 22. Rc1 Nd4 23. Kb4 Rxb2+ 24. Ka5 Rxa2+ 25. Kb4 Reb2+
26. Kc3 Ne2+ 27. Kd3 Nxc1+ 28. Ke4 Rb3 29. f4 Ra4+ 30. Kf5 Rb5+ 31. Kg4 h5+ 32.
Kh3 Rxf4 33. Kg3 Ne2+ 34. Kh3 Rb3+ 35. g3 Nxg3 36. hxg3 Rxg3+ 37. Kxg3 Rg4+ 38.
Kf3 Kf7 39. Ke3 Ke6 40. Kd3 Ke5 41. Kc3 Kd5 42. Kb3 Kc5 43. Ka3 Rb4 44. Ka2 Kc4
45. Ka3 Rb6 46. Ka2 Kc3 47. Ka1 Kc2 48. Ka2 Ra6# 0-1

[Event "DEM U10 2012"]
[Site "Oberhof GER"]
[Date "2012.05.29"]
[Round "5"]
[White "Yankelevich, Michael"]
[Black "Becker, Silke"]
[Result "1-0"]
[Termination "normal"]
[Board "18"]
[WhiteElo "1718"]
[BlackElo "1222"]
[PlyCount "71"]
[WhiteFideId "12921440"]
[BlackFideId "12966452"]
[EventCountry "GER"]
[EventRounds "11"]
[EventType "swiss"]
[EventDate "2012.05.26"]

1. e4 e5 2. Nf3 Nc6 3. Bc4 Nf6 4. Ng5 d5 5. exd5 Nd4 6. c3 b5 7. Bf1 Nxd5 8.
cxd4 Qxg5 9. Bxb5+ Kd8 10. Qf3 Bb7 11. dxe5 Qxe5+ 12. Qe2 Bd6 13. Qxe5 Bxe5 14.
a4 a6 15. Bc4 Re8 16. Bxd5 Bxd5 17. O-O Rb8 18. Nc3 Bc4 19. d3 Be6 20. Re1 Bf5
21. Rd1 Rb4 22. Ra3 Kc8 23. Nd5 Rd4 24. Ne3 Bg6 25. Nc4 Bf6 26. Be3 Rd5 27. Rc1
Kb8 28. Rb3+ Ka8 29. d4 Bxd4 30. Bxd4 Rxd4 31. h3 f6 32. Na5 Rxa4 33. Nc6 a5
34. Rc5 Re1+ 35. Kh2 Raa1 36. Rb8# 1-0

[Event "DEM U10 2012"]
[Site "Oberhof GER"]
[Date "2012.05.29"]
[Round "5"]
[White "Mertens, Yannick"]
[Black "Stork, Oliver"]
[Result "0-1"]
[Termination "normal"]
[Board "19"]
[WhiteElo "1701"]
[BlackElo "1216"]
[PlyCount "86"]
[WhiteFideId "12947865"]
[BlackFideId "12955728"]
[EventCountry "GER"]
[EventRounds "11"]
[EventType "swiss"]
[EventDate "2012.05.26"]

1. e4 e5 2. d4 exd4 3. Bc4 Nc6 4. Nf3 Bc5 5. c3 dxc3 6. Bxf7+ Kxf7 7. Qd5+ Ke8
8. Qxc5 d6 9. Qxc3 Nf6 10. O-O Be6 11. Ng5 Qe7 12. Nxe6 Qxe6 13. Nd2 Kd7 14.
Qg3 Rhg8 15. Re1 Rae8 16. Nb3 Kc8 17. f3 Nb4 18. Qf2 Nd3 19. Qe3 Nxe1 20. Qxe1
d5 21. Qf2 b6 22. Qc2 dxe4 23. Bf4 Nd5 24. Rc1 Qe7 25. Re1 Nxf4 26. Rxe4 Ne6
27. Qc6 Qd6 28. Qc1 Nc5 29. Rc4 Nxb3 30. axb3 Rd8 31. Kf2 Qd2+ 32. Kg3 Qxc1 33.
Rxc1 Rd3 34. Ra1 a5 35. b4 Rd5 36. Kh3 Re8 37. bxa5 Rxa5 38. Rd1 Ra2 39. Rd2 c5
40. f4 c4 41. Rc2 b5 42. f5 Re4 43. g4 b4 0-1

[Event "DEM U10 2012"]
[Site "Oberhof GER"]
[Date "2012.05.29"]
[Round "5"]
[White "Könze, Heike"]
[Black "Baltic, Fatih"]
[Result "0-1"]
[Termination "normal"]
[Board "20"]
[WhiteElo "1172"]
[BlackElo "1379"]
[PlyCount "116"]
[WhiteFideId "12964476"]
[BlackFideId "12979090"]
[EventCountry "GER"]
[EventRounds "11"]
[EventType "swiss"]
[EventDate "2012.05.26"]

1. c4 e6 2. g3 c5 3. Bg2 Be7 4. e3 Nf6 5. d4 d5 6. cxd5 exd5 7. dxc5 Bxc5 8.
Ne2 Nc6 9. Nbc3 Be6 10. Nf4 Ne7 11. O-O O-O 12. Qd2 Qd7 13. Rd1 Rad8 14. a3 Bg4
15. Re1 Rfe8 16. h3 Be6 17. Rd1 a6 18. b3 b5 19. b4 Bb6 20. Bb2 Bc7 21. Nxe6
fxe6 22. Rac1 Nc6 23. e4 d4 24. Qe2 e5 25. Nd5 Nxd5 26. exd5 Ne7 27. Qh5 Bb8
28. Be4 g6 29. Qg5 Nxd5 30. Rc5 Ne7 31. Rdc1 Rc8 32. Rxc8 Rxc8 33. Rd1 Nd5 34.
Bf3 Kg7 35. Bg4 Qd8 36. Qd2 Rc7 37. f4 h5 38. fxe5 hxg4 39. Qxd4 Ba7 40. e6+
Bxd4+ 41. Bxd4+ Kg8 42. Bb6 Qd6 43. Bxc7 Qxc7 44. Rxd5 Qxg3+ 45. Kf1 Qf3+ 46.
Ke1 Qxd5 47. e7 Qe4+ 48. Kd2 Qxe7 49. hxg4 Qd7+ 50. Kc3 Qxg4 51. Kb2 Qe2+ 52.
Ka1 Kf7 53. a4 g5 54. axb5 axb5 55. Kb1 g4 56. Ka1 g3 57. Kb1 g2 58. Ka1 g1=Q#
0-1

[Event "DEM U10 2012"]
[Site "Oberhof GER"]
[Date "2012.05.29"]
[Round "5"]
[White "Fischer, Elias"]
[Black "Faal, Marcel"]
[Result "1/2-1/2"]
[Termination "normal"]
[Board "21"]
[WhiteElo "1377"]
[BlackElo "1169"]
[PlyCount "73"]
[WhiteFideId "12963305"]
[BlackFideId "1271978"]
[EventCountry "GER"]
[EventRounds "11"]
[EventType "swiss"]
[EventDate "2012.05.26"]

1. e4 c5 2. Nf3 Nc6 3. d4 cxd4 4. Nxd4 Nf6 5. Nc3 e5 6. Nxc6 bxc6 7. Bc4 Bb4 8.
Qf3 Bxc3+ 9. Qxc3 Qc7 10. Qd3 O-O 11. O-O Bb7 12. Bg5 Nxe4 13. Bxf7+ Rxf7 14.
Qxe4 d5 15. Qg4 Qd6 16. f4 Raf8 17. f5 Bc8 18. Qg3 Rxf5 19. Rxf5 Bxf5 20. Re1
Be4 21. c3 Re8 22. Be3 a6 23. b4 Qg6 24. Qxg6 Bxg6 25. Bc5 Bc2 26. Re2 Bd3 27.
Re3 Bc4 28. a3 Re6 29. Rf3 Rf6 30. Kf2 e4 31. Rxf6 gxf6 32. Ke3 Kf7 33. Kf4 Kg6
34. g3 h5 35. h4 Be2 36. Bd4 Bg4 37. Bc5 1/2-1/2

[Event "DEM U10 2012"]
[Site "Oberhof GER"]
[Date "2012.05.29"]
[Round "5"]
[White "Roseneck, Jonas"]
[Black "Feil, Alexander"]
[Result "1-0"]
[Termination "normal"]
[Board "22"]
[WhiteElo "1342"]
[BlackElo "1162"]
[PlyCount "79"]
[WhiteFideId "12939870"]
[BlackFideId "4002954"]
[EventCountry "GER"]
[EventRounds "11"]
[EventType "swiss"]
[EventDate "2012.05.26"]

1. e4 e5 2. Nf3 Nf6 3. Nxe5 d6 4. Nf3 Nxe4 5. d4 d5 6. Bd3 Nc6 7. O-O Bf5 8.
Re1 Bb4 9. c3 Bd6 10. Nbd2 Qe7 11. Ng5 Qxg5 12. Nxe4 Qg6 13. Nxd6+ Kd8 14. Nxf5
Qf6 15. Qg4 h6 16. Qxg7 Qxg7 17. Nxg7 Ne7 18. Nf5 Ng6 19. Nxh6 Rf8 20. Nxf7+
Rxf7 21. Bxg6 Rf8 22. Bg5+ Kd7 23. Bh5 b6 24. Re7+ Kc6 25. Rae1 Kb7 26. Re8 Rf5
27. Rxa8 Kxa8 28. Re5 Rf8 29. Re8+ Rxe8 30. Bxe8 Kb7 31. h4 Kc8 32. h5 c5 33.
h6 c4 34. h7 a6 35. h8=Q a5 36. Bb5+ Kc7 37. Qd8+ Kb7 38. Qd7+ Kb8 39. Bf4+ Ka8
40. Bc6# 1-0

[Event "DEM U10 2012"]
[Site "Oberhof GER"]
[Date "2012.05.29"]
[Round "5"]
[White "Vaintroub, Maximilian"]
[Black "Lindow, Max"]
[Result "1-0"]
[Termination "normal"]
[Board "23"]
[WhiteElo "1302"]
[BlackElo "1128"]
[PlyCount "89"]
[WhiteFideId "12942510"]
[BlackFideId "16211057"]
[EventCountry "GER"]
[EventRounds "11"]
[EventType "swiss"]
[EventDate "2012.05.26"]

1. e4 e5 2. Nf3 Nf6 3. Nxe5 d6 4. Nf3 Nxe4 5. Qe2 Qe7 6. d3 Nf6 7. Bg5 Be6 8.
Nc3 Nc6 9. O-O-O O-O-O 10. Ne4 h6 11. Bh4 d5 12. Nxf6 gxf6 13. d4 Na5 14. Qb5
Nc4 15. Bxc4 dxc4 16. Rhe1 c6 17. Qa5 h5 18. Ne5 Bh6+ 19. Kb1 Kb8 20. Nxc4 Rd5
21. Qc3 Qd7 22. Bxf6 Rg8 23. g3 Rg6 24. Ne5 Qd6 25. Nxg6 fxg6 26. Be5 Rxe5 27.
dxe5 Qc7 28. Rd6 Bf7 29. Red1 Bg5 30. Rd7 Bxa2+ 31. Kxa2 Qc8 32. f4 Qg8+ 33.
Kb1 a6 34. fxg5 Kc8 35. Rd8+ Qxd8 36. Rxd8+ Kxd8 37. e6 Ke7 38. Qf6+ Kd6 39.
e7+ Kc5 40. Qf4 Kb6 41. Qb4+ Ka7 42. e8=Q h4 43. Qd8 b5 44. Qc5+ Kb7 45. Qce7#
1-0

[Event "DEM U10 2012"]
[Site "Oberhof GER"]
[Date "2012.05.29"]
[Round "5"]
[White "Kopylov, Daniel"]
[Black "Huber, Benedikt"]
[Result "1/2-1/2"]
[Termination "normal"]
[Board "24"]
[WhiteElo "1623"]
[BlackElo "1121"]
[PlyCount "58"]
[WhiteFideId "12921971"]
[BlackFideId "12923583"]
[EventCountry "GER"]
[EventRounds "11"]
[EventType "swiss"]
[EventDate "2012.05.26"]

1. d4 d5 2. c4 dxc4 3. e4 Nc6 4. Nf3 Bg4 5. Be3 Nf6 6. Nc3 e6 7. Bxc4 Bb4 8. e5
Nd7 9. O-O Nb6 10. Be2 O-O 11. Rc1 Qd7 12. Qc2 Bxf3 13. Bxf3 Nxd4 14. Bxd4 Qxd4
15. Bxb7 Rab8 16. Qe4 Qxe4 17. Bxe4 Nc4 18. Na4 Nd2 19. Rfe1 Nxe4 20. Rxe4 Ba5
21. b3 Rfd8 22. Re2 Rd5 23. g3 Rbd8 24. Rcc2 h6 25. Nb2 Kh7 26. Nc4 Bb4 27. Ne3
R5d7 28. Nc4 g5 29. Ne3 h5 1/2-1/2

[Event "DEM U10 2012"]
[Site "Oberhof GER"]
[Date "2012.05.29"]
[Round "5"]
[White "Brehm, Mirja"]
[Black "Hofele, Mathis"]
[Result "0-1"]
[Termination "normal"]
[Board "26"]
[WhiteElo "1097"]
[BlackElo "1273"]
[PlyCount "56"]
[BlackFideId "12963844"]
[EventCountry "GER"]
[EventRounds "11"]
[EventType "swiss"]
[EventDate "2012.05.26"]

1. e4 e5 2. Nf3 Nc6 3. Nc3 Nf6 4. Bc4 Nxe4 5. Nxe4 d5 6. Bxd5 Qxd5 7. Nc3 Qd8
8. h3 Bf5 9. d3 Bb4 10. Bd2 h6 11. a3 Ba5 12. Qe2 O-O 13. O-O-O Re8 14. g4 Bg6
15. Rdg1 Nd4 16. Qd1 Bb6 17. h4 Qf6 18. Rg3 Qd6 19. h5 Bh7 20. g5 hxg5 21. Nxg5
Ba5 22. Nxh7 Kxh7 23. Qg4 Rg8 24. Qg6+ Kh8 25. Qxf7 Bxc3 26. Kd1 Bxd2 27. Kxd2
Qh6+ 28. Kd1 Raf8 0-1

[Event "DEM U10 2012"]
[Site "Oberhof GER"]
[Date "2012.05.29"]
[Round "5"]
[White "Schulze, Nick"]
[Black "Schütze, Tim"]
[Result "0-1"]
[Termination "normal"]
[Board "27"]
[WhiteElo "1072"]
[BlackElo "1231"]
[PlyCount "94"]
[WhiteFideId "12971847"]
[BlackFideId "12939706"]
[EventCountry "GER"]
[EventRounds "11"]
[EventType "swiss"]
[EventDate "2012.05.26"]

1. d4 d5 2. Nf3 e6 3. a3 Nf6 4. e3 Bd6 5. Nbd2 O-O 6. b3 b6 7. c4 Ba6 8. Bb2 c5
9. Bd3 Qd7 10. Qc2 h6 11. O-O b5 12. cxd5 cxd4 13. e4 Rc8 14. dxe6 fxe6 15. Qb1
e5 16. Rc1 b4 17. Rxc8+ Qxc8 18. Bxa6 Nxa6 19. a4 Nc5 20. Nc4 Qc7 21. Qd1 Nfxe4
22. Nxd6 Qxd6 23. Rc1 Nc3 24. Bxc3 bxc3 25. Rxc3 Rd8 26. Rc2 Nxb3 27. Re2 Qa6
28. Nxe5 Qxa4 29. Nc6 Qxc6 30. Qxb3+ Qd5 31. Qd3 Qc5 32. h3 a5 33. Qb3+ Kh8 34.
Rc2 Qb4 35. Qg3 Qb1+ 36. Kh2 Qxc2 37. Qa3 Qc7+ 38. g3 d3 39. h4 d2 40. Qf3 d1=R
41. Kg2 R1d6 42. h5 Qc6 43. Qxc6 Rxc6 44. g4 Rd2 45. Kh3 Rxf2 46. Kh4 Rc3 47.
g5 Rf4# 0-1

[Event "DEM U10 2012"]
[Site "Oberhof GER"]
[Date "2012.05.29"]
[Round "5"]
[White "Fesselier, Chelsea"]
[Black "Voß, Henrike"]
[Result "1-0"]
[Termination "normal"]
[Board "28"]
[WhiteElo "1228"]
[BlackElo "1002"]
[PlyCount "117"]
[WhiteFideId "26024624"]
[BlackFideId "12971910"]
[EventCountry "GER"]
[EventRounds "11"]
[EventType "swiss"]
[EventDate "2012.05.26"]

1. e4 e5 2. Nf3 Nc6 3. Bc4 Bc5 4. c3 Nf6 5. Ng5 O-O 6. d3 h6 7. Nf3 d5 8. exd5
Nxd5 9. O-O Bg4 10. h3 Bh5 11. Nbd2 Qd7 12. Ne4 Bb6 13. Nxe5 Nxe5 14. Qxh5 Nxc4
15. dxc4 Ne7 16. Qxh6 Qc6 17. Qxc6 Nxc6 18. c5 Rfe8 19. cxb6 Rxe4 20. bxc7 Rc8
21. f3 Re7 22. Bf4 Ne5 23. Rfe1 f6 24. Bxe5 fxe5 25. Rad1 Rcxc7 26. Rd5 Rcd7
27. Rxd7 Rxd7 28. Rxe5 Rd1+ 29. Kh2 Ra1 30. a3 Rb1 31. Rb5 b6 32. b3 Rc1 33. c4
Ra1 34. a4 Ra3 35. Kg3 Kf7 36. Kf4 Ke6 37. Rg5 Rxb3 38. Rxg7 a6 39. Rg6+ Kd7
40. h4 Rb4 41. Kg5 Rxc4 42. Rxb6 Rxa4 43. h5 Ra1 44. h6 Kc7 45. Rxa6 Rxa6 46.
h7 Ra8 47. Kg6 Kd6 48. Kg7 Ra7+ 49. Kg6 Ra8 50. g4 Ke5 51. Kg5 Ke6 52. f4 Kf7
53. Kh6 Ra7 54. g5 Ra6+ 55. g6+ Ke6 56. h8=Q Kf5 57. Qe5+ Kg4 58. Qe2+ Kxf4 59.
Qxa6 1-0